| 000 | 01290nam a2200373 i 4500 | ||
|---|---|---|---|
| 001 | 1188 | ||
| 003 | KOSZ 005 | ||
| 005 | 20211203142515.0 | ||
| 008 | 950505s1985 pl f |000 0 pol d | ||
| 040 |
_cKOSZ 005 _aKOSZ 005 _dKOSZ 005/HR |
||
| 041 | _apol | ||
| 046 | _k1985 | ||
| 080 | _a004.382.4 | ||
| 080 | _a(07) | ||
| 100 | 1 |
_aPolański, Jacek. _eAutor |
|
| 245 | 1 | 0 |
_aWprowadzenie do systemu mikrokomputera SM4-20 / _cJacek Polański, Władysław Husejko ; Wyższa Szkoła Inżynierska w Koszalinie. |
| 260 |
_aKoszalin : _bWydawnictwo Uczelniane WSI, _c1985. |
||
| 300 |
_a79 s. : _brys. ; _c20 cm. |
||
| 336 |
_2rdacontent _aTekst _btxt |
||
| 337 |
_2rdamedia _aBez urządzenia pośredniczącego _bn |
||
| 338 |
_2rdacarrier _aWolumin _bnc |
||
| 380 | _aKsiążki | ||
| 380 | _aPublikacje dydaktyczne | ||
| 388 | _a1901-2000 | ||
| 388 | _a1945-1989 | ||
| 504 | _aBibliografia s. 77. | ||
| 658 | _aInformatyka i technologie informacyjne | ||
| 650 | 4 | _aProgramowanie (informatyka) | |
| 655 | _aPodręcznik | ||
| 650 | 4 | _aMinikomputery i mikrokomputery | |
| 700 | 1 | 0 |
_aHusejko, Władysław _d(1952-2012) _eAutor |
| 856 |
_uhttp://koha.tu.koszalin.pl/cgi-bin/koha/opac-detail.pl?biblionumber=1188 _yKatalog online BPK |
||
| 942 |
_cKS _2UKD |
||
| 999 |
_c1188 _d1188 |
||